<?xml version="1.0" encoding="UTF-8"?>
<record
    xmlns:xsi="http://www.w3.org/2001/XMLSchema-instance"
    xsi:schemaLocation="http://www.loc.gov/MARC21/slim http://www.loc.gov/standards/marcxml/schema/MARC21slim.xsd"
    xmlns="http://www.loc.gov/MARC21/slim">

  <leader>01416cam a2200241   4500500</leader>
  <controlfield tag="005">20260419004223.0</controlfield>
  <datafield tag="041" ind1=" " ind2=" ">
    <subfield code="a">fre</subfield>
  </datafield>
  <datafield tag="042" ind1=" " ind2=" ">
    <subfield code="a">dc</subfield>
  </datafield>
  <datafield tag="100" ind1="1" ind2="0">
    <subfield code="a">Jean-</subfield>
    <subfield code="e">author</subfield>
  </datafield>
  <datafield tag="245" ind1="0" ind2="0">
    <subfield code="a">Inclure les p&#xE8;res dans les structures de la petite enfance</subfield>
  </datafield>
  <datafield tag="260" ind1=" " ind2=" ">
    <subfield code="c">2026.
							</subfield>
  </datafield>
  <datafield tag="500" ind1=" " ind2=" ">
    <subfield code="a">21</subfield>
  </datafield>
  <datafield tag="520" ind1=" " ind2=" ">
    <subfield code="a">Les processus de paternalisation et de triadification &#xE0; la cr&#xE8;che peuvent &#xEA;tre envisag&#xE9;s comme des dynamiques soutenant la construction du lien p&#xE8;re-m&#xE8;re-b&#xE9;b&#xE9;. &#xC0; partir d&#x2019;une pratique de psychologue en cr&#xE8;che, le texte montre combien les p&#xE8;res demeurent souvent difficiles &#xE0; rejoindre, en raison de repr&#xE9;sentations professionnelles, de fonctionnements institutionnels et de fragilit&#xE9;s propres &#xE0; certaines situations familiales. Il met en &#xE9;vidence l&#x2019;int&#xE9;r&#xEA;t des &#xE9;changes informels, des caf&#xE9;s-parents, des entretiens et des groupes de p&#xE8;res pour soutenir la reconnaissance de la place paternelle et favoriser des processus triadificatoires au sein des lieux d&#x2019;accueil de la petite enfance.</subfield>
  </datafield>
  <datafield tag="690" ind1=" " ind2=" ">
    <subfield code="a">cr&#xE8;che</subfield>
  </datafield>
  <datafield tag="690" ind1=" " ind2=" ">
    <subfield code="a">lien p&#xE8;re-b&#xE9;b&#xE9;</subfield>
  </datafield>
  <datafield tag="690" ind1=" " ind2=" ">
    <subfield code="a">parentalit&#xE9;</subfield>
  </datafield>
  <datafield tag="690" ind1=" " ind2=" ">
    <subfield code="a">paternalisation</subfield>
  </datafield>
  <datafield tag="690" ind1=" " ind2=" ">
    <subfield code="a">petite enfance</subfield>
  </datafield>
  <datafield tag="690" ind1=" " ind2=" ">
    <subfield code="a">pratiques professionnelles</subfield>
  </datafield>
  <datafield tag="690" ind1=" " ind2=" ">
    <subfield code="a">triadification</subfield>
  </datafield>
  <datafield tag="786" ind1="0" ind2=" ">
    <subfield code="n">Le Carnet Psy | 287 | 3 | 2026-04-02 | p. 34-36 | 1260-5921</subfield>
  </datafield>
  <datafield tag="856" ind1="4" ind2="1">
    <subfield code="u">https://shs.cairn.info/revue-le-carnet-psy-2026-3-page-34?lang=fr&amp;redirect-ssocas=7080</subfield>
  </datafield>
  <datafield tag="999" ind1=" " ind2=" ">
    <subfield code="c">2215347</subfield>
    <subfield code="d">2215347</subfield>
  </datafield>
</record>
